000
00283nam a2200097Ia 4500
008
171204s9999 xx 000 0 und d
245
_a
Trends in Software Testing:
260
_c
2016
650
_x
EMERGING TRENDS IN COMPUTING
856
_u
http://down.ebook777.com/042/9789811014147.pdf
999
_c
347153
_d
347153